[Event "Titled Tuesday intern op 25th Mar Early"]
[Site "Chess.com INT"]
[Date "2025.03.25"]
[Round "4"]
[White "Calvo Gonzalez, Jose Felix"]
[Black "Dann, Matthias"]
[Result "0-1"]
[WhiteElo "2198"]
[BlackElo "2447"]
[PlyCount "84"]
[EventDate "2025.03.25"]
[EventType "swiss (blitz)"]
[EventRounds "11"]
[EventCountry "USA"]
[SourceTitle "CB14_2025"]
[SourceDate "2024.11.01"]
[SourceVersion "1"]
[SourceVersionDate "2024.11.01"]
[SourceQuality "1"]

1. e4 c5 2. Nf3 Nc6 3. d4 cxd4 4. Nxd4 e5 5. Nb5 d6 6. N1c3 a6 7. Na3 Be6 8. Nc4 Rb8 9. Ne3 b6 10. Bxa6 Nd4 11. a4 Nf6 12. 0-0 h5 13. Ne2 Nxe2+ 14. Qxe2 Nxe4 15. Bb5+ Bd7 16. Nd5 Bxb5 17. axb5 Nf6 18. Bg5 Be7 19. Bxf6 Bxf6 20. Ra7 h4 21. Qg4 Kf8 22. Rd1 Rh6 23. Ne3 Rg6 24. Qc4 Kg8 25. Qxf7+ Kh7 26. Nf5 Qc8 27. Ne3 Ra8 28. Rc7 Qd8 29. Nd5 Bg5 30. Nxb6 Rb8 31. Nc4 Rxb5 32. b3 h3 33. g3 Bh6 34. Nd2 Rb8 35. Ne4 Rc8 36. Rd7 Qe8 37. Nxd6 Qxf7 38. Nxf7 Rxc2 39. Nxe5 Re6 40. Nd3 Ree2 41. b4 Ra2 42. b5 Be3 0-1

[Event "Titled Tuesday intern op 18th Mar Late"]
[Site "Chess.com INT"]
[Date "2025.03.18"]
[Round "10"]
[White "Dann, Matthias"]
[Black "Ragger, Markus"]
[Result "1-0"]
[WhiteElo "2447"]
[BlackElo "2581"]
[PlyCount "227"]
[EventDate "2025.03.18"]
[EventType "swiss (blitz)"]
[EventRounds "11"]
[EventCountry "USA"]
[SourceTitle "CB13_2025"]
[SourceDate "2025.03.26"]
[SourceVersion "1"]
[SourceVersionDate "2025.03.26"]
[SourceQuality "1"]

1. e4 e5 2. Nf3 Nc6 3. Bb5 a6 4. Ba4 Bc5 5. c3 Nge7 6. d4 exd4 7. cxd4 Bb4+ 8. Nc3 d5 9. exd5 Qxd5 10. 0-0 Bxc3 11. bxc3 Bg4 12. Re1 Bxf3 13. Qxf3 Qxf3 14. gxf3 0-0-0 15. Bb3 Nd5 16. Bd2 Rd6 17. Re4 Rhd8 18. Rae1 Na5 19. Rg4 Nxb3 20. axb3 Rg6 21. Kf1 Kd7 22. h4 f5 23. Rxg6 hxg6 24. c4 Nf6 25. Bg5 Re8 26. Ra1 Nh7 27. Bf4 Nf6 28. Ra5 Rh8 29. Bg5 Nh7 30. Bf4 Nf8 31. Rd5+ Kc8 32. Bg5 Ne6 33. Ke2 Nxg5 34. hxg5 Rh5 35. f4 Rh3 36. Re5 Kd7 37. Rd5+ Ke7 38. Re5+ Kd6 39. Rd5+ Kc6 40. Rc5+ Kd7 41. Rd5+ Ke8 42. Re5+ Kf8 43. Rc5 c6 44. d5 cxd5 45. Rc8+ Ke7 46. Rc7+ Kd6 47. Rxb7 dxc4 48. bxc4 a5 49. Rxg7 a4 50. Rxg6+ Kc5 51. Ra6 a3 52. g6 Rh6 53. g7 Rxa6 54. g8Q a2 55. Qd5+ Kb6 56. Qb5+ Ka7 57. Qc5+ Kb7 58. Qe7+ Ka8 59. Qd8+ Ka7 60. Qc7+ Ka8 61. Qc8+ Ka7 62. Qd7+ Kb8 63. Qe8+ Kb7 64. Qf7+ Ka8 65. Qg8+ Kb7 66. Qg7+ Kc6 67. Qf6+ Kb7 68. Qa1 Kc6 69. Kd3 Ra3+ 70. Kd4 Kd6 71. c5+ Kc6 72. Kc4 Ra4+ 73. Kb3 Ra8 74. Qf6+ Kxc5 75. Qe5+ Kb6 76. Qd6+ Kb7 77. Qd5+ Kb8 78. Qd8+ Kb7 79. Qe7+ Kb8 80. Qf8+ Kb7 81. Qf7+ Kb8 82. Qg8+ Kb7 83. Qg7+ Kb8 84. Qa1 Kc7 85. Kb2 Rb8+ 86. Kc2 Ra8 87. Qe5+ Kb7 88. Qb5+ Kc7 89. Qe5+ Kb7 90. Qa1 Kc7 91. Kb3 Rb8+ 92. Kc4 Ra8 93. Kb5 Rb8+ 94. Kc5 Ra8 95. Qg7+ Kb8 96. Qf8+ Kb7 97. Qe7+ Kb8 98. Qd8+ Kb7 99. Qd7+ Kb8 100. Qd6+ Kb7 101. Qe7+ Kb8 102. Qe8+ Kb7 103. Qc6+ Kb8 104. Qb6+ Kc8 105. Kd6 Ra6 106. Qxa6+ Kb8 107. Qb6+ Ka8 108. Qa5+ Kb8 109. Qb4+ Ka7 110. Qa3+ Kb7 111. Qxa2 Kc8 112. Qf7 Kb8 113. Kc6 Ka8 114. Qb7# 1-0

[Event "Titled Tuesday intern op 18th Mar Late"]
[Site "Chess.com INT"]
[Date "2025.03.18"]
[Round "3"]
[White "Khlebovich, Alexander"]
[Black "Dann, Matthias"]
[Result "0-1"]
[WhiteElo "2423"]
[BlackElo "2447"]
[PlyCount "90"]
[EventDate "2025.03.18"]
[EventType "swiss (blitz)"]
[EventRounds "11"]
[EventCountry "USA"]
[SourceTitle "CB13_2025"]
[SourceDate "2025.03.26"]
[SourceVersion "1"]
[SourceVersionDate "2025.03.26"]
[SourceQuality "1"]

1. d4 Nf6 2. c4 e6 3. Nf3 Bb4+ 4. Nbd2 a5 5. g3 b6 6. Bg2 Bb7 7. 0-0 0-0 8. Qc2 Bxd2 9. Bxd2 Be4 10. Qb3 d6 11. a4 Nbd7 12. Qc3 Re8 13. b4 axb4 14. Qxb4 e5 15. dxe5 Nxe5 16. Nxe5 Bxg2 17. Nxf7 Kxf7 18. Kxg2 Rxe2 19. c5 dxc5 20. Qc4+ Qd5+ 21. Qxd5+ Nxd5 22. Rfd1 Ke6 23. Kf1 Re4 24. a5 c4 25. axb6 Rxa1 26. Rxa1 cxb6 27. Ra7 c3 28. Bc1 Kd6 29. Rxg7 b5 30. Rxh7 b4 31. h4 b3 32. Rb7 Rb4 33. Ba3 b2 34. Rxb4 Nxb4 35. Bxb4+ Kd5 36. Bxc3 b1Q+ 37. Kg2 Qe4+ 38. Kg1 Qf3 39. Bd2 Ke4 40. Be3 Kf5 41. Kh2 Kg4 42. Bd4 Qe4 43. Be3 Kf3 44. Kh3 Qb1 45. Kh2 Qf1 0-1

[Event "Titled Tuesday intern op 18th Mar Late"]
[Site "Chess.com INT"]
[Date "2025.03.18"]
[Round "9"]
[White "Mahdavi, Reza"]
[Black "Dann, Matthias"]
[Result "1/2-1/2"]
[WhiteElo "2436"]
[BlackElo "2447"]
[PlyCount "183"]
[EventDate "2025.03.18"]
[EventType "swiss (blitz)"]
[EventRounds "11"]
[EventCountry "USA"]
[SourceTitle "CB13_2025"]
[SourceDate "2025.03.26"]
[SourceVersion "1"]
[SourceVersionDate "2025.03.26"]
[SourceQuality "1"]

1. e4 c5 2. Nf3 d6 3. Bb5+ Bd7 4. Bxd7+ Nxd7 5. 0-0 e6 6. Qe2 Be7 7. b3 Bf6 8. c3 Ne7 9. d4 Ng6 10. Rd1 Qc7 11. Bb2 0-0 12. Na3 a6 13. Nc4 b5 14. Ne3 cxd4 15. cxd4 Qb7 16. d5 Nf4 17. Qd2 Bxb2 18. Qxb2 exd5 19. Nxd5 Nxd5 20. Rxd5 Nf6 21. Rg5 Kh8 22. Re1 Rae8 23. Nd2 Re6 24. Re3 h6 25. Rgg3 Rfe8 26. Qd4 Qc7 27. h3 Qc1+ 28. Kh2 Qc5 29. Qd3 d5 30. b4 Qd6 31. e5 Rxe5 32. Rxe5 Rxe5 33. Kg1 Re1+ 34. Nf1 Qxb4 35. Re3 Rxe3 36. Nxe3 Qe4 37. Qa3 d4 38. Nf1 Kg8 39. Qxa6 Qd5 40. Nd2 d3 41. f3 Qd4+ 42. Kh1 Qc3 43. Nf1 Qe1 44. Qc8+ Kh7 45. Qf5+ g6 46. Qxd3 Nh5 47. Kh2 Qe5+ 48. Kg1 Nf4 49. Qd2 Ne6 50. Qd3 b4 51. Qd2 Qc5+ 52. Kh1 Nd4 53. Ng3 f5 54. Qe3 h5 55. Kh2 Qd6 56. f4 Ne6 57. Ne2 g5 58. Qa7+ Kg6 59. g3 h4 60. gxh4 gxf4 61. Qg1+ Kh6 62. Kh1 f3 63. Qe3+ f4 64. Qxf3 Qe5 65. Kg2 Qb2 66. Qe4 Qf6 67. Kf3 Kh5 68. Nxf4+ Nxf4 69. Qxf4 Qxh4 70. Qf5+ Kh6 71. Qf4+ Kh5 72. Qg4+ Qxg4+ 73. hxg4+ Kg5 74. Kg3 Kg6 75. Kf4 Kf6 76. g5+ Kg6 77. Kg4 Kg7 78. Kf5 Kf7 79. Kf4 Kg6 80. Kg4 Kg7 81. Kf5 Kf7 82. Ke5 Kg6 83. Kd4 Kxg5 84. Kc4 Kf6 85. Kxb4 Ke7 86. Kb5 Kd8 87. Kb6 Kc8 88. a4 Kb8 89. a5 Ka8 90. a6 Kb8 91. a7+ Ka8 92. Ka6 1/2-1/2

[Event "Titled Tuesday intern op 07th Jan Early"]
[Site "Chess.com INT"]
[Date "2025.01.07"]
[Round "4"]
[White "Dann, Matthias"]
[Black "Nozdrachev, Leonid"]
[Result "0-1"]
[WhiteElo "2447"]
[BlackElo "2239"]
[PlyCount "202"]
[EventDate "2025.01.07"]
[EventType "swiss (blitz)"]
[EventRounds "11"]
[EventCountry "USA"]
[SourceTitle "CB03_2025"]
[SourceDate "2025.01.15"]
[SourceVersion "1"]
[SourceVersionDate "2025.01.15"]
[SourceQuality "1"]

1. e4 c6 2. Nf3 d5 3. Nc3 dxe4 4. Nxe4 Nf6 5. Nxf6+ exf6 6. Bc4 Bd6 7. Qe2+ Qe7 8. Qxe7+ Kxe7 9. 0-0 Re8 10. Re1+ Be6 11. Nd4 Kd7 12. Nxe6 fxe6 13. d4 Na6 14. c3 Nc7 15. g3 a5 16. Bd3 g6 17. h4 Nd5 18. Bd2 a4 19. b3 a3 20. Kg2 Rg8 21. Re2 f5 22. Rae1 Rge8 23. h5 Rab8 24. hxg6 hxg6 25. Bb1 b5 26. c4 bxc4 27. bxc4 Nf6 28. Bg5 Nh7 29. Be3 Nf6 30. Bc2 Rb2 31. Bb3 Bb4 32. Rxb2 axb2 33. Rb1 Bc3 34. Kf1 Ne4 35. Ke2 g5 36. Kd3 g4 37. Bd1 e5 38. f3 gxf3 39. Bxf3 exd4 40. Bxd4 Bxd4 41. Kxd4 Nd2 42. Bxc6+ Kxc6 43. Rxb2 Re4+ 44. Kd3 Nxc4 45. Rf2 Ne5+ 46. Kc3 Re3+ 47. Kd4 Re4+ 48. Kc3 Rc4+ 49. Kb3 Rg4 50. Rxf5 Rxg3+ 51. Kc2 Kd5 52. Rf8 Kd4 53. Rd8+ Kc5 54. Rc8+ Nc6 55. Kd2 Rg2+ 56. Ke3 Rxa2 57. Kd3 Ra3+ 58. Ke2 Rh3 59. Kd2 Kd5 60. Ke2 Ne5 61. Kd2 Ke4 62. Re8 Rh2+ 63. Kc3 Rh1 64. Kd2 Rh3 65. Re7 Rd3+ 66. Kc2 Ra3 67. Re8 Kd4 68. Rd8+ Kc4 69. Rc8+ Kd5 70. Rd8+ Kc5 71. Rc8+ Kd6 72. Rd8+ Kc7 73. Re8 Nc6 74. Rh8 Kb6 75. Kd2 Kc5 76. Ke2 Kd4 77. Rh4+ Kd5 78. Rh5+ Ne5 79. Rh8 Ke4 80. Rh4+ Kf5 81. Rh8 Kf4 82. Rh4+ Ng4 83. Rh8 Ke4 84. Kd2 Ne5 85. Re8 Rd3+ 86. Kc2 Rh3 87. Re7 Kd5 88. Re8 Nc6 89. Kd2 Kc4 90. Ke2 Nd4+ 91. Kf2 Rf3+ 92. Kg2 Rf7 93. Rc8+ Kd3 94. Rd8 Ke3 95. Re8+ Kd3 96. Rd8 Re7 97. Kg3 Ke3 98. Kg4 Rg7+ 99. Kh5 Kf4 100. Kh6 Nf5+ 101. Kh5 Rg5# 0-1

[Event "Titled Tuesday intern op 07th Jan Early"]
[Site "Chess.com INT"]
[Date "2025.01.07"]
[Round "2"]
[White "Motos Abellan, Daniel"]
[Black "Dann, Matthias"]
[Result "0-1"]
[WhiteElo "2115"]
[BlackElo "2447"]
[PlyCount "126"]
[EventDate "2025.01.07"]
[EventType "swiss (blitz)"]
[EventRounds "11"]
[EventCountry "USA"]
[SourceTitle "CB03_2025"]
[SourceDate "2025.01.15"]
[SourceVersion "1"]
[SourceVersionDate "2025.01.15"]
[SourceQuality "1"]

1. e4 e6 2. b3 d5 3. Bb2 dxe4 4. Nc3 Nf6 5. Qe2 Be7 6. g4 Nc6 7. Nxe4 Nxe4 8. Qxe4 Bf6 9. 0-0-0 Bxb2+ 10. Kxb2 0-0 11. Nf3 a5 12. a4 e5 13. Bc4 Kh8 14. g5 f5 15. Qd5 e4 16. Qxd8 Rxd8 17. Nh4 Ne5 18. Be2 Be6 19. f4 Nc6 20. g6 h6 21. Bc4 Bxc4 22. bxc4 Ne7 23. d4 Ra6 24. Kc3 Nxg6 25. Nxf5 Rf6 26. Ne3 Nxf4 27. d5 Ne2+ 28. Kd2 Nd4 29. Rhf1 Nf3+ 30. Kc3 g5 31. Ng4 Rg6 32. Nf2 e3 33. Rd3 e2 34. Rh1 e1Q+ 35. Rxe1 Nxe1 36. Re3 Ng2 37. Re7 Rg7 38. Re6 Rd6 39. Re8+ Kh7 40. Ne4 Nf4 41. Nxd6 cxd6 42. Rd8 Ng6 43. Rxd6 h5 44. Rf6 g4 45. Rf5 Kh6 46. d6 h4 47. c5 g3 48. Rf1 g2 49. Rg1 h3 50. Kc4 Nf4 51. Kb5 Ne2 52. Re1 g1Q 53. Rxg1 Nxg1 54. c6 bxc6+ 55. Kxc6 Nf3 56. d7 Ne5+ 57. Kd6 Rxd7+ 58. Kxe5 Rc7 59. Kf4 Rxc2 60. Kg3 Ra2 61. Kxh3 Rxa4 62. Kg3 Kg5 63. h4+ Rxh4 0-1

[Event "Titled Tuesday intern op 17th Sep Early"]
[Site "Chess,com INT"]
[Date "2024.09.17"]
[Round "6"]
[White "Chinguun, Bayaraa"]
[Black "Dann, Matthias"]
[Result "0-1"]
[WhiteElo "2141"]
[BlackElo "2458"]
[PlyCount "102"]
[EventDate "2024.09.17"]
[EventType "swiss (blitz)"]
[EventRounds "11"]
[EventCountry "USA"]
[SourceTitle "EXT 2025"]
[Source "ChessBase"]
[SourceDate "2024.10.14"]
[SourceVersion "1"]
[SourceVersionDate "2024.10.14"]
[SourceQuality "1"]

1. d4 Nf6 2. Nf3 d5 3. g3 Bf5 4. Bg2 e6 5. 0-0 Be7 6. Re1 0-0 7. c3 c6 8. Nbd2 h6 9. Ne5 Nbd7 10. Ndf3 a5 11. Bf4 a4 12. a3 Qb6 13. Qc1 Rfd8 14. Nxd7 Nxd7 15. Ne5 Ra5 16. e4 Nxe5 17. Bxe5 Bg6 18. Bf4 Rb5 19. Bf1 Rb3 20. Bd3 Rc8 21. Ra2 c5 22. dxc5 Bxc5 23. Qc2 Rd8 24. Kg2 Qc6 25. f3 dxe4 26. Bxe4 Bxe4 27. Rxe4 b5 28. Ra1 Bb6 29. Rd1 Rxd1 30. Qxd1 Rxb2+ 31. Kh3 Qxc3 32. Be5 Qc2 33. Qh1 Ra2 34. Rg4 f6 35. Bxf6 g5 36. Be5 Kf7 37. f4 Bd8 38. fxg5 hxg5 39. Qf3+ Qf5 40. Qxf5+ exf5 41. Rd4 g4+ 42. Rxg4 fxg4+ 43. Kxg4 Rxa3 44. h4 Rb3 45. h5 a3 46. h6 Kg6 47. Bg7 a2 48. Kf4 Rb1 49. g4 a1Q 50. Bxa1 Rxa1 51. h7 Kxh7 0-1

[Event "Titled Tuesday intern op 17th Sep Early"]
[Site "Chess,com INT"]
[Date "2024.09.17"]
[Round "2"]
[White "Dann, Matthias"]
[Black "Nakamura, Hikaru"]
[Result "0-1"]
[WhiteElo "2458"]
[BlackElo "2802"]
[PlyCount "50"]
[EventDate "2024.09.17"]
[EventType "swiss (blitz)"]
[EventRounds "11"]
[EventCountry "USA"]
[SourceTitle "EXT 2025"]
[Source "ChessBase"]
[SourceDate "2024.10.14"]
[SourceVersion "1"]
[SourceVersionDate "2024.10.14"]
[SourceQuality "1"]

1. e4 c6 2. Nf3 d5 3. Nc3 Bg4 4. d4 dxe4 5. Nxe4 Nf6 6. Nxf6+ gxf6 7. Bc4 e6 8. 0-0 Nd7 9. h3 Bh5 10. Re1 Nb6 11. Bxe6 fxe6 12. Rxe6+ Be7 13. Qe2 Kf7 14. g4 Bg6 15. Bh6 Re8 16. Re1 Bf8 17. Ng5+ Kg8 18. Bxf8 Rxf8 19. Ne4 Nd5 20. Nd6 Nf4 21. Qc4 Nxe6 22. Qxe6+ Kh8 23. h4 Qa5 24. h5 Bxh5 25. gxh5 Qxh5 0-1

[Event "Titled Tuesday intern op 17th Sep Early"]
[Site "Chess,com INT"]
[Date "2024.09.17"]
[Round "3"]
[White "Golubovic, Erik"]
[Black "Dann, Matthias"]
[Result "0-1"]
[WhiteElo "2117"]
[BlackElo "2458"]
[PlyCount "76"]
[EventDate "2024.09.17"]
[EventType "swiss (blitz)"]
[EventRounds "11"]
[EventCountry "USA"]
[SourceTitle "EXT 2025"]
[Source "ChessBase"]
[SourceDate "2024.10.14"]
[SourceVersion "1"]
[SourceVersionDate "2024.10.14"]
[SourceQuality "1"]

1. d4 Nf6 2. c4 e6 3. Nf3 d5 4. g3 dxc4 5. Bg2 a6 6. 0-0 Nc6 7. Nc3 Rb8 8. e4 Be7 9. d5 Nb4 10. Ne5 exd5 11. exd5 Bf5 12. Bg5 0-0 13. a3 Nd3 14. Nxc4 Nxd5 15. Bxe7 Nxe7 16. Ne3 Bg6 17. Qe2 Nc6 18. Rfd1 Nd4 19. Qf1 Nxb2 20. Rd2 Nf3+ 21. Bxf3 Qxd2 22. Ncd5 c6 23. Ne7+ Kh8 24. Nxg6+ fxg6 25. Be4 Rbe8 26. Qg2 Nd3 27. Rf1 Nxf2 28. Nc4 Qd4 29. Rxf2 Rxf2 30. Qxf2 Qxf2+ 31. Kxf2 Rxe4 32. Nd2 Ra4 33. Nf3 Rxa3 34. Ne5 a5 35. Nd7 a4 36. Nc5 Rc3 37. Nxb7 Rc2+ 38. Kf3 a3 0-1

[Event "Titled Tuesday intern op 03rd Sep Late"]
[Site "Chess.com INT"]
[Date "2024.09.03"]
[Round "1"]
[White "Dann, Matthias"]
[Black "Hughes, Tyler B"]
[Result "1-0"]
[WhiteElo "2458"]
[BlackElo "2252"]
[PlyCount "49"]
[EventDate "2024.09.03"]
[EventType "swiss (blitz)"]
[EventRounds "11"]
[EventCountry "USA"]
[SourceTitle "EXT 2025"]
[Source "ChessBase"]
[SourceDate "2024.10.14"]
[SourceVersion "1"]
[SourceVersionDate "2024.10.14"]
[SourceQuality "1"]

1. e4 c6 2. Nf3 d5 3. Nc3 dxe4 4. Nxe4 Nf6 5. Nxf6+ exf6 6. Bc4 Bd6 7. Qe2+ Be7 8. 0-0 0-0 9. d4 Nd7 10. Re1 Bd6 11. c3 Nb6 12. Bd3 Nd5 13. h3 Bd7 14. Qc2 g6 15. Bh6 Re8 16. Rxe8+ Qxe8 17. Re1 Qd8 18. a3 Ne7 19. c4 Nf5 20. Bd2 Qf8 21. Bc3 Re8 22. Rd1 Qh6 23. d5 c5 24. Bxf6 Qf4 25. Bg5 1-0

[Event "Titled Tuesday intern op 03rd Sep Late"]
[Site "Chess.com INT"]
[Date "2024.09.03"]
[Round "6"]
[White "Dolezal, Cristian"]
[Black "Dann, Matthias"]
[Result "1-0"]
[WhiteElo "2360"]
[BlackElo "2458"]
[PlyCount "147"]
[EventDate "2024.09.03"]
[EventType "swiss (blitz)"]
[EventRounds "11"]
[EventCountry "USA"]
[SourceTitle "EXT 2025"]
[Source "ChessBase"]
[SourceDate "2024.10.14"]
[SourceVersion "1"]
[SourceVersionDate "2024.10.14"]
[SourceQuality "1"]

1. d4 Nf6 2. Nc3 d5 3. Bf4 a6 4. e3 e6 5. g4 c5 6. g5 Nfd7 7. Qg4 Nc6 8. Nf3 Be7 9. Qg3 Qa5 10. a3 b5 11. Bc7 Nb6 12. Nd2 c4 13. Na2 b4 14. Nc1 bxa3 15. bxa3 Bb4 16. Bxb6 Bxd2+ 17. Kd1 Qxb6 18. Kxd2 Nxd4 19. Na2 0-0 20. Nc3 Qb2 21. exd4 Qxa1 22. Qd6 Qb2 23. Bxc4 Qb8 24. Qxb8 Rxb8 25. Bd3 Bd7 26. f4 Rb6 27. h4 Rc8 28. h5 a5 29. g6 fxg6 30. hxg6 h6 31. f5 Rbc6 32. fxe6 Bxe6 33. Ne2 Kh8 34. Nf4 Bg8 35. Rh5 Rd6 36. Ne2 Rf8 37. Nc3 Be6 38. Kc1 Bg4 39. Re5 Be6 40. a4 Rf6 41. Kb2 Kg8 42. Nb5 Rd8 43. Nc7 Rd6 44. Ne8 Rb6+ 45. Kc3 Rf3 46. Kd2 Kf8 47. Nc7 Rf6 48. Nxd5 Bxd5 49. Rxd5 Rfd6 50. Rxa5 Rxd4 51. Ra8+ Ke7 52. Ra7+ Kf6 53. Rf7+ Kg5 54. Rxg7 h5 55. Rg8 h4 56. g7 Rg6 57. Ke3 Rxd3+ 58. cxd3 Kf6 59. Rh8 Rxg7 60. Rxh4 Ke5 61. Rf4 Kd5 62. Rd4+ Kc5 63. Rc4+ Kd5 64. Kd2 Rh7 65. Kc3 Rg7 66. Kb4 Rf7 67. Rc5+ Kd4 68. a5 Rb7+ 69. Rb5 Ra7 70. Rb6 Kd5 71. Kb5 Ra8 72. a6 Rg8 73. Rb7 Kd6 74. a7 1-0

[Event "Maia op"]
[Site "Maia"]
[Date "2024.08.25"]
[Round "3"]
[White "Lorente Melcon, Maximo"]
[Black "Dann, Matthias"]
[Result "1/2-1/2"]
[WhiteElo "2120"]
[BlackElo "2458"]
[PlyCount "70"]
[EventDate "2024.08.23"]
[EventType "swiss"]
[EventRounds "9"]
[EventCountry "POR"]
[SourceTitle "CBM 221 Extra"]
[Source "ChessBase"]
[SourceDate "2024.09.30"]
[SourceVersion "1"]
[SourceVersionDate "2024.09.30"]
[SourceQuality "1"]

1. e4 c5 2. Nf3 d6 3. d4 cxd4 4. Nxd4 Nf6 5. Nc3 a6 6. Bd3 g6 7. f3 e5 8. Nde2 Be6 9. Bg5 Nbd7 10. Qd2 h6 11. Be3 Bg7 12. 0-0-0 b5 13. Kb1 Nb6 14. a3 Rb8 15. f4 Nc4 16. Bxc4 Bxc4 17. Qxd6 Qxd6 18. Rxd6 0-0 19. b3 Bxe2 20. Nxe2 a5 21. Ng3 Ng4 22. Bc1 exf4 23. Bxf4 a4 24. h3 Ne5 25. Rd5 Rfe8 26. b4 Rb7 27. Bxe5 Bxe5 28. Ne2 Bg7 29. Ng3 Rc7 30. Rhd1 Rc3 31. R1d3 Rec8 32. Rxc3 Rxc3 33. Rd3 Rc4 34. Rd5 h5 35. e5 Kf8 1/2-1/2

[Event "Titled Tuesday intern op 06th Aug Late"]
[Site "Chess.com INT"]
[Date "2024.08.06"]
[Round "6"]
[White "Dann, Matthias"]
[Black "Kanakaris, Georgios"]
[Result "1-0"]
[WhiteElo "2458"]
[BlackElo "2404"]
[PlyCount "81"]
[EventDate "2024.08.06"]
[EventType "swiss (blitz)"]
[EventRounds "11"]
[EventCountry "USA"]
[SourceTitle "EXT 2025"]
[Source "ChessBase"]
[SourceDate "2024.10.14"]
[SourceVersion "1"]
[SourceVersionDate "2024.10.14"]
[SourceQuality "1"]

1. e4 c5 2. Nf3 d6 3. d4 cxd4 4. Nxd4 Nf6 5. Nc3 a6 6. Be3 e5 7. Nf3 Be7 8. Bc4 Be6 9. Bb3 0-0 10. 0-0 Nc6 11. Bg5 b5 12. Bxf6 Bxf6 13. Nd5 Bg4 14. h3 Bxf3 15. Qxf3 Nd4 16. Qd3 Bg5 17. c3 Ne6 18. g3 Nc5 19. Qe2 Bh6 20. Rad1 Kh8 21. Bc2 Rb8 22. b4 Ne6 23. Rd3 Qd7 24. Rfd1 Rfc8 25. Bb3 Rc6 26. h4 Rbc8 27. a4 Qa7 28. a5 g6 29. Nb6 Rd8 30. Bd5 Rc7 31. Bxe6 fxe6 32. Rxd6 Rf8 33. Rd8 Rcf7 34. R1d7 Rxd7 35. Rxd7 Qb8 36. Qg4 Qe8 37. Ra7 Qd8 38. Ra8 Qe7 39. Rxf8+ Qxf8 40. Qxe6 Bg7 41. Nd7 1-0

[Event "Titled Tuesday intern op 06th Aug Late"]
[Site "Chess.com INT"]
[Date "2024.08.06"]
[Round "3"]
[White "Dann, Matthias"]
[Black "Kandil, Ahmed"]
[Result "1-0"]
[WhiteElo "2458"]
[BlackElo "2154"]
[PlyCount "83"]
[EventDate "2024.08.06"]
[EventType "swiss (blitz)"]
[EventRounds "11"]
[EventCountry "USA"]
[SourceTitle "EXT 2025"]
[Source "ChessBase"]
[SourceDate "2024.10.14"]
[SourceVersion "1"]
[SourceVersionDate "2024.10.14"]
[SourceQuality "1"]

1. e4 e5 2. Nf3 Nc6 3. Bb5 a6 4. Bxc6 dxc6 5. 0-0 Qf6 6. d4 exd4 7. Bg5 Qd6 8. Nxd4 Nh6 9. Re1 c5 10. Nb3 Qxd1 11. Rxd1 Bd7 12. Nc3 f6 13. Bxh6 gxh6 14. Nd5 0-0-0 15. Nxf6 Be6 16. Rxd8+ Kxd8 17. Rd1+ Kc8 18. f4 Bxb3 19. axb3 Bg7 20. Nd5 Bxb2 21. Ne7+ Kb8 22. Rd7 c4 23. Kf2 cxb3 24. cxb3 Re8 25. e5 b5 26. Kf3 a5 27. Nc6+ Kc8 28. Rd5 a4 29. Rxb5 a3 30. Ra5 Kb7 31. Nb4 c6 32. Ke4 Bc3 33. Ra4 Kb6 34. Nc2 Bb2 35. Nxa3 Rg8 36. Nc4+ Kc5 37. Nxb2 Rb8 38. Nd3+ Kb5 39. Rb4+ Ka6 40. Rxb8 c5 41. Nxc5+ Ka5 42. b4# 1-0

[Event "Titled Tuesday intern op 06th Aug Early"]
[Site "Chess.com INT"]
[Date "2024.08.06"]
[Round "9"]
[White "Dann, Matthias"]
[Black "Khodko, Yurii N"]
[Result "0-1"]
[WhiteElo "2458"]
[BlackElo "2249"]
[PlyCount "48"]
[EventDate "2024.08.06"]
[EventType "swiss (blitz)"]
[EventRounds "11"]
[EventCountry "USA"]
[SourceTitle "EXT 2025"]
[Source "ChessBase"]
[SourceDate "2024.10.14"]
[SourceVersion "1"]
[SourceVersionDate "2024.10.14"]
[SourceQuality "1"]

1. e4 e6 2. d4 d5 3. e5 c5 4. c3 Qb6 5. Nf3 Nc6 6. Bd3 cxd4 7. 0-0 dxc3 8. Nxc3 f6 9. Bf4 Bd7 10. Na4 Qa5 11. Re1 Nge7 12. Bd2 Qc7 13. Nc5 fxe5 14. Nxd7 Kxd7 15. Rc1 Qd6 16. Nxe5+ Nxe5 17. Bf4 N7c6 18. Bb5 Qb4 19. Bxc6+ Nxc6 20. Qg4 Re8 21. a3 Qd4 22. Rcd1 h5 23. Qf3 Qf6 24. Rxd5+ exd5 0-1

[Event "Titled Tuesday intern op 06th Aug Early"]
[Site "Chess.com INT"]
[Date "2024.08.06"]
[Round "2"]
[White "Dann, Matthias"]
[Black "Vedder, Richard"]
[Result "1-0"]
[WhiteElo "2458"]
[BlackElo "2256"]
[PlyCount "163"]
[EventDate "2024.08.06"]
[EventType "swiss (blitz)"]
[EventRounds "11"]
[EventCountry "USA"]
[SourceTitle "EXT 2025"]
[Source "ChessBase"]
[SourceDate "2024.10.14"]
[SourceVersion "1"]
[SourceVersionDate "2024.10.14"]
[SourceQuality "1"]

1. e4 e5 2. Nf3 Nc6 3. Bb5 a6 4. Bxc6 dxc6 5. 0-0 Qf6 6. d4 exd4 7. Bg5 Qg6 8. Qxd4 Be6 9. Nbd2 Be7 10. Bxe7 Nxe7 11. Qe3 0-0 12. Rfe1 Qh5 13. Rad1 Ng6 14. Qg5 Qxg5 15. Nxg5 Rae8 16. Nxe6 Rxe6 17. f3 Rd8 18. Nc4 Ree8 19. Na5 Rb8 20. Rd7 Rec8 21. Red1 Kf8 22. Kf2 Ne5 23. R7d4 b6 24. Nc4 Nxc4 25. Rxc4 c5 26. Rc3 Rd8 27. Rcd3 Rxd3 28. Rxd3 Ke7 29. Ke3 a5 30. f4 f6 31. Rd2 a4 32. h3 Ra8 33. f5 c4 34. a3 b5 35. c3 Ra6 36. Rd5 c6 37. Rd2 Ra7 38. Kf4 Rb7 39. e5 fxe5+ 40. Kxe5 Rc7 41. g4 Rc8 42. Rd6 Rc7 43. g5 Kf7 44. h4 Re7+ 45. Re6 Rc7 46. h5 c5 47. Kd6 Rc8 48. Re7+ Kf8 49. Rc7 Rd8+ 50. Rd7 Re8 51. Kxc5 Re5+ 52. Rd5 Re2 53. Kxb5 Rxb2+ 54. Kxa4 Rb3 55. g6 hxg6 56. hxg6 Rxc3 57. Rc5 Rf3 58. Kb4 Rb3+ 59. Ka4 Rf3 60. Rxc4 Rxf5 61. Rc6 Rf1 62. Ka5 Rb1 63. a4 Rb2 64. Rb6 Ra2 65. Kb5 Ke7 66. a5 Rb2+ 67. Ka6 Ra2 68. Rc6 Rb2 69. Ka7 Rb3 70. a6 Rb2 71. Ka8 Rb1 72. a7 Rb2 73. Rc8 Kf6 74. Rb8 Ra2 75. Kb7 Rb2+ 76. Kc6 Rc2+ 77. Kd5 Rd2+ 78. Ke4 Re2+ 79. Kf3 Ra2 80. a8Q Rxa8 81. Rxa8 Kxg6 82. Kg4 1-0

[Event "Titled Tuesday intern op 06th Aug Late"]
[Site "Chess.com INT"]
[Date "2024.08.06"]
[Round "7"]
[White "Rajaram, Rohan"]
[Black "Dann, Matthias"]
[Result "1-0"]
[WhiteElo "2063"]
[BlackElo "2458"]
[PlyCount "111"]
[EventDate "2024.08.06"]
[EventType "swiss (blitz)"]
[EventRounds "11"]
[EventCountry "USA"]
[SourceTitle "EXT 2025"]
[Source "ChessBase"]
[SourceDate "2024.10.14"]
[SourceVersion "1"]
[SourceVersionDate "2024.10.14"]
[SourceQuality "1"]

1. d4 Nf6 2. c4 e6 3. Nc3 d5 4. cxd5 exd5 5. Bg5 Be7 6. e3 0-0 7. Bd3 Nbd7 8. Nge2 c6 9. 0-0 Re8 10. Rc1 Nf8 11. a3 a5 12. Bh4 Ng6 13. Bg3 Nh5 14. Qd2 Nxg3 15. Nxg3 Bd6 16. f4 Qh4 17. Rf3 Bg4 18. Nf5 Bxf5 19. Bxf5 Qf6 20. Bd3 Nh4 21. Rh3 Nf5 22. g4 Nxe3 23. Rxe3 Bxf4 24. Rxe8+ Rxe8 25. Re1 Rxe1+ 26. Qxe1 Qxd4+ 27. Kg2 g6 28. Qf1 Bd2 29. Qe2 Bxc3 30. bxc3 Qxc3 31. g5 Kg7 32. h4 Qd4 33. Kg3 c5 34. Bb5 h5 35. gxh6+ Kxh6 36. Be8 Kg7 37. Qe7 Qd3+ 38. Kh2 Qc2+ 39. Kg3 Qc3+ 40. Kg4 Qf6 41. Qd7 d4 42. Qd5 b6 43. Bb5 Qe6+ 44. Qxe6 fxe6 45. Kg5 e5 46. a4 e4 47. Kf4 e3 48. Ke5 Kh6 49. Kf4 Kh5 50. Kg3 g5 51. Be2+ Kh6 52. h5 c4 53. Bxc4 Kxh5 54. Be2+ Kg6 55. Kg4 Kf6 56. Bd3 1-0